00709nam a2200253 a 4500001001300000003000900013005001700022008004100039020001300080082001900093100002200112245002300134260003100157300000900188500003500197505001000232650001000242650003100252700002200283902000800305942000700313952012000320999001500440nice12345678IN_TiNIC20260116013042.0050524s1996 lona grp 000 0 eng  ac295.2600a923.0591bSUU2 aSuu Kyi, Aung San aLetters from Burma aLondonbPenguin Bookc1996 a209p aincludes index and biblioraphy2 aIndex aBurma aBiography-Aung San Suu Kyi1 aSuu Kyi, Aung San bSRS cBK 001040708StackRoom-aHMIbHMId2007-06-06g295.26l0o923.0591 SUU2p017564r2007-06-06v295.26w2005-05-24yBK c9441d9441